000 01130nam a2200241Ia 4500
999 _c37703
_d37703
001 3676
003 GE_BSU
005 20190527140522.0
008 181216s1978|||| |||||||||||||| ||geo||
040 _cGE_BSU
041 _ageo
080 _a514.18(076.1) კ–18
100 _aკალანდაძე, ქ
_91622
245 _aმხაზველობითი გეომეტრიის ამოცანათა კრებული : დამხმ. სახელმძღვ. /
_cქ. კალანდაძე ; რედ : |ჩ. გურგენიძე.
264 _aთბილისი :
_bგანათლება,
_c1978.
300 _a259 გვ .:
_bილ
_c22 სმ
653 _aგეომეტრია
653 _aმათემატიკა
653 _aმხაზველობითი გეომეტრია
653 _aმხაზველობითი გეომეტრიის ამოცანათა კრებული
700 _aგურგენიძე, ჩ
_eრედაქტორი
_91623
942 _cBK
_2udc